Loading...
| Beliefs | 10 | 11.00 | 1,800% | 180% | 180% |
| Fine Arts - Auditory | 3 | 6.67 | 0% | 0% | 400% |
| Fine Arts - Visual | 3 | 10.00 | 0% | 200% | 400% |
| Geography | 1 | 10.00 | 0% | 0% | 600% |
| History - American | 5 | 12.00 | 1,440% | 360% | 120% |
| History - European | 2 | 10.00 | 1,800% | 0% | 300% |
| History - World | 6 | 8.33 | 600% | 300% | 100% |
| Literature - American | 2 | 0.00 | 0% | 0% | 0% |
| Literature - British | 5 | 6.00 | 1,440% | 120% | 0% |
| Literature - World | 1 | 20.00 | 0% | 600% | 600% |
| Other Arts: Visual | 1 | 10.00 | 3,600% | 0% | 0% |
| Other Science: Earth Science | 3 | 13.33 | 2,400% | 200% | 200% |
| Other Science: Math | 1 | 30.00 | 3,600% | 600% | 600% |
| Philosophy | 5 | 14.00 | 2,160% | 240% | 240% |
| Science - Biology | 6 | 10.00 | 1,200% | 200% | 200% |
| Science - Chemistry | 1 | 20.00 | 3,600% | 0% | 600% |
| Science - Physics | 3 | 16.67 | 2,400% | 400% | 200% |
| Social Science | 5 | 12.00 | 2,160% | 120% | 240% |
| 7 | 12.86 | 1,543% | 343% | 171% |